00954nam a2200229 a 4500001001000000003000500010005001700015008004100032010001100073011001100084040000900095100003100104245014500135260004100280500006000321502010900381650003800490650003200528650005000560650004400610856007000654000114369CHAP20220329144438.0180116s2017 mx |sm |||||||spa d a110830 a111802 cCHAP1 aZamora Patiño, Hortensia10aCombate de plagas y enfermedades con productos alternativos en brócoli (Brassica olerecea L.)h[En línea]cpor Hortensia Zmora Patiño. aChapingo, Méx. :bEl autor,c2017. aPara ver el contenido del material haga clic en la liga aTesis (Ing. Agr. Esp. en Parasitología Agrícola) -- UACH. Departamento de Parasitología Agrícola14aBrócolixEnfermedadesxControl.14aBrócolixPlagasxControl.14aEnfermedadesxControlxProductos orgánicos.14aPlagasxControlxProductos orgánicos. aFinding aiduhttp://10.13.5.2/tesis/sist114369.pdfzTeclea aquí